Public finance (Record no. 9886)

MARC details
000 -LEADER
fixed length control field 00452cam a2200193ua 4500
001 - CONTROL NUMBER
control field 10985
005 - DATE AND TIME OF LATEST TRANSACTION
control field 20260515114701.0
008 - FIXED-LENGTH DATA ELEMENTS--GENERAL INFORMATION
fixed length control field 190706n ii |||gr||||Z||||||eng
020 ## - INTERNATIONAL STANDARD BOOK NUMBER
International Standard Book Number 9789387945012
040 ## - CATALOGING SOURCE
Transcribing agency MAIN
082 ## - DEWEY DECIMAL CLASSIFICATION NUMBER
Classification number 336
100 ## - MAIN ENTRY--PERSONAL NAME
Personal name Sunita Sharma,
Relator term Author.
245 ## - TITLE STATEMENT
Title Public finance
Statement of responsibility, etc. By Sunita Sharma
250 ## - EDITION STATEMENT
Edition statement 1st ed.
260 ## - PUBLICATION, DISTRIBUTION, ETC.
Place of publication, distribution, etc. Jaipur:
Name of publisher, distributor, etc. Yking books,
Date of publication, distribution, etc. 2018.
300 ## - PHYSICAL DESCRIPTION
Extent 231p.
653 ## - INDEX TERM--UNCONTROLLED
Uncontrolled term Public finance
942 ## - ADDED ENTRY ELEMENTS (KOHA)
Koha item type Books
Holdings
Withdrawn status Lost status Damaged status Not for loan Home library Current library Shelving location Date acquired Total checkouts Full call number Barcode Date last seen Date last checked out Copy number Price effective from Koha item type
        Naharkatiya College Library Naharkatiya College Library General stacks 09/19/2020 1 336Public finance | SHA 26483 01/22/2021 12/23/2020 1 09/19/2020 Books
        Naharkatiya College Library Naharkatiya College Library General stacks 09/19/2020 3 336Public finance | SHA 26484 04/12/2021 04/07/2021 2 09/19/2020 Books